A comparative study of community based fishery and forestry initiatives in sre ambel district koh kong province, សិក្សាប្រៀបធៀបការរៀបចំផ្ដួចផ្ដើមគ្រប់គ្រងធនធានធម្មជាតិដោយផ្អែកលើសមាគមន៍នេសាទ និងសមាគន៍ព្រៃឈើ ក្នុងស្រុកស្រែអំបិល ខេត្តកោះកុង (Record no. 6533)
[ view plain ]
| 000 -LEADER | |
|---|---|
| fixed length control field | 00868nam a22001577a 4500 |
| 003 - CONTROL NUMBER IDENTIFIER | |
| control field | OSt |
| 005 - DATE AND TIME OF LATEST TRANSACTION | |
| control field | 20160206150633.0 |
| 008 - FIXED-LENGTH DATA ELEMENTS--GENERAL INFORMATION | |
| fixed length control field | 160206b xxu||||| |||| 00| 0 eng d |
| 040 ## - CATALOGING SOURCE | |
| Transcribing agency | RUA |
| 082 ## - DEWEY DECIMAL CLASSIFICATION NUMBER | |
| Classification number | MGR SON 2004 B371 Or.1 |
| 100 ## - MAIN ENTRY--PERSONAL NAME | |
| 9 (RLIN) | 6943 |
| Personal name | SONG, KHEANG, សុង ឃាង |
| 245 ## - TITLE STATEMENT | |
| Title | A comparative study of community based fishery and forestry initiatives in sre ambel district koh kong province, សិក្សាប្រៀបធៀបការរៀបចំផ្ដួចផ្ដើមគ្រប់គ្រងធនធានធម្មជាតិដោយផ្អែកលើសមាគមន៍នេសាទ និងសមាគន៍ព្រៃឈើ ក្នុងស្រុកស្រែអំបិល ខេត្តកោះកុង |
| 260 ## - PUBLICATION, DISTRIBUTION, ETC. (IMPRINT) | |
| Place of publication, distribution, etc. | Phnom Penh |
| Name of publisher, distributor, etc. | RUA |
| Date of publication, distribution, etc. | 2004 |
| 300 ## - PHYSICAL DESCRIPTION | |
| Extent | xiii; 78p. |
| Other physical details | ill. |
| Dimensions | 29cm. |
| 942 ## - ADDED ENTRY ELEMENTS (KOHA) | |
| Source of classification or shelving scheme | |
| Koha item type | MGR |
| Price effective from | Date last seen | Permanent Location | Not for loan | Date acquired | Source of classification or shelving scheme | Koha item type | Lost status | Withdrawn status | Date last checked out | Total Checkouts | Shelving location | Damaged status | Barcode | Current Location | Full call number |
|---|---|---|---|---|---|---|---|---|---|---|---|---|---|---|---|
| 2016-02-06 | 2016-02-06 | Library Block B | 2016-02-06 | MGR | B371 | RUA053482 | Library Block B | MGR SON 2004 B371 Or.1 | |||||||
| 2016-02-06 | 2016-02-06 | Library Block B | 2016-02-06 | MGR | B371 | RUA049786 | Library Block B | MGR SON 2004 B371 Or.2 | |||||||
| 2016-02-06 | 2016-02-06 | Library Block B | 2016-02-06 | MGR | B371 | RUA049478 | Library Block B | MGR SON 2004 B371 Or.3 | |||||||
| 2016-02-06 | 2025-10-27 | Library Block B | 2016-02-06 | MGR | 2025-08-18 | 3 | B371 | RUA050104 | Library Block B | MGR SON 2004 B371 Or.4 | |||||
| 2016-02-06 | 2016-02-06 | Library Block B | 2016-02-06 | MGR | B371 | RUA050601 | Library Block B | MGR SON 2004 B371 Or.5 | |||||||
| 2016-02-06 | 2017-10-13 | Library Block B | 2016-02-06 | MGR | 2017-10-09 | 1 | B371 | RUA052216 | Library Block B | MGR SON 2004 B371 Or.6 |